000 00268nam a2200109Ia 4500
008 190914s9999||||xx |||||||||||||| ||und||
100 _aMead, Hunter
245 0 _aTypes and Problems of Philosophy
260 _aNew York
_bViva Books
_c1995
300 _a275
942 _cBK
999 _c8894
_d8894